[Event "Caplin British Online-ch Open 2020"]
[Site "Online"]
[Date "2020.12.28"]
[Round "5.4"]
[White "Cox, Tristan A"]
[Black "O`Gorman, Tom"]
[Result "1-0"]
[WhiteElo "2141"]
[BlackElo "2368"]
[Annotator "TA"]
[PlyCount "49"]
[EventDate "2020.12.21"]
[EventType "swiss"]
[EventCountry "NET"]
[SourceTitle "playchess.com"]
[Source "ChessBase"]
[SourceQuality "1"]

{[%evp 16,49,34,29,38,28,30,23,29,30,18,41,63,9,6,-31,-31,-6,0,-49,-63,-111,-12,-3,-28,-64,-58,-47,0,-119,408,273,1147,994,29994,29995]} 1. d4 Nf6 2. c4 c5 3. d5 b5 4. cxb5 a6 5. e3 axb5 6. Bxb5 Qa5+ 7. Nc3 Bb7 8. Bd2 Qb6 9. Nf3 $1 {[%mdl 4] And now Qb3 would win. is currently scoring better than 9.Qb3.} Nxd5 {A57: Benko/Volga Gambit.} 10. a4 e6 11. O-O Be7 {White has an edge.} 12. e4 Nxc3 13. Bxc3 {[#]} f6 $146 ({Predecessor:} 13... O-O 14. Ne5 d5 15. exd5 exd5 16. Re1 d4 17. Bd2 Ba6 18. Qb3 Ra7 19. Nc4 Qf6 20. Re5 Bxb5 21. Qxb5 Nd7 22. Bg5 {1-0 (22) Markus,R (2644)-Djukic,N (2519) Heraklion 2017}) 14. Nh4 (14. Nd2 $14) 14... O-O $11 15. Qg4 Ba6 16. Bxa6 Qxa6 17. f4 Nc6 18. Rf3 Qc4 ({Better is} 18... Nd4 $17 19. Bxd4 cxd4) 19. Re1 $1 $40 {[%mdl 128] White has some attack.} ({Much weaker is} 19. Rg3 Rf7 $17) 19... Nd4 20. Rg3 {[%csl Gg3][%cal Rg4g7]} Rf7 21. f5 Rxa4 22. Qh5 (22. Ng6 $11 {remains equal.} Bd6 23. Rh3) 22... Qa6 $2 {[%mdl 8192]} (22... Bd6 $17 {keeps the pressure on.} 23. Rh3 Bf4) 23. Bxd4 cxd4 $2 {[#]} (23... Ra1 24. Bc3 c4) 24. Ng6 $1 $18 {[%mdl 512] White wants to mate with Qxh7+!} h6 {[#]} (24... exf5 25. exf5) 25. Nh8 $1 {[%mdl 576] Discovered Attack.  Weighted Error Value: White=0.32/Black=0.79} 1-0

[Event "Caplin British Online-ch Open 2020"]
[Site "Online"]
[Date "2020.12.28"]
[Round "5.5"]
[White "Volovich, Julia"]
[Black "Fernandez, Daniel Howard"]
[Result "0-1"]
[WhiteElo "1674"]
[BlackElo "2466"]
[Annotator "TA"]
[PlyCount "58"]
[EventDate "2020.12.21"]
[EventType "swiss"]
[EventCountry "NET"]
[SourceTitle "playchess.com"]
[Source "ChessBase"]
[SourceQuality "1"]

{[%evp 10,58,26,30,23,5,12,-26,-16,-23,10,-27,-40,-43,-50,-42,-37,-51,-56,-65,-58,-46,-41,-24,0,0,9,7,0,-70,-41,-109,-62,-49,-45,-53,-42,-56,-60,-56,-54,-86,0,0,0,0,13,0,0,-319,-316]} 1. d4 Nf6 2. c4 c6 3. Nc3 d5 4. Nf3 a6 5. a4 Bf5 6. Qb3 Ra7 {D15: Slav Defence: 4 Nc3 a6 and gambit lines after 4 Nc3 dxc4.} 7. c5 Nbd7 {[#]} 8. Nh4 $146 ({Predecessor:} 8. Bf4 a5 9. e3 e6 10. Nh4 Bg6 11. Nxg6 hxg6 12. h3 Be7 13. Bd3 O-O 14. O-O {1-0 (37) Khenkin,I (2603)-Meins,G (2441) Bad Wiessee 2005}) 8... Bg6 {Black has an edge.} 9. f4 e6 10. Nxg6 (10. a5 {with more complications.} Be4 11. e3 Ng4 12. Nxe4 dxe4 13. g3) 10... hxg6 11. g3 b6 12. cxb6 Qxb6 13. Qxb6 Nxb6 14. a5 Nc8 {[%cal Bb6c8,Bc8d6,Bd6f5][%mdl 32]} 15. e3 Nd6 16. Bd3 Nf5 {[#] aiming for ...Nxg3!} 17. Kf2 c5 18. dxc5 Bxc5 19. Na4 (19. Kf3 $11) 19... Bb4 $36 {[%mdl 2048] Black has some pressure.} 20. Nb6 (20. Nc3 $15) 20... Ng4+ 21. Kf3 Rxh2 ({Don't go for} 21... Nxh2+ $2 22. Kg2 $18) 22. Rxh2 Nxh2+ 23. Kg2 Ng4 24. Kf3 Nf6 25. Ra4 Bd6 (25... Be1 $17 26. g4 Nd6) 26. Bd2 $11 Bc7 27. Bc3 Nd6 28. Bd4 {[#] Nxd5! is the strong threat.} Nb5 29. Nxd5 $2 {[%mdl 8192]} Nxd4+ {Weighted Error Value: White=0.39/Black=0.10} 0-1

[Event "Caplin British Online-ch Open 2020"]
[Site "Online"]
[Date "2020.12.28"]
[Round "5.6"]
[White "Tanmay Chopra"]
[Black "Wadsworth, Matthew J"]
[Result "0-1"]
[WhiteElo "2273"]
[BlackElo "2416"]
[Annotator "TA"]
[PlyCount "104"]
[EventDate "2020.12.21"]
[EventType "swiss"]
[EventCountry "NET"]
[SourceTitle "playchess.com"]
[Source "ChessBase"]
[SourceQuality "1"]

{[%evp 9,104,16,45,15,16,16,22,19,26,16,16,16,16,16,12,12,19,23,19,0,0,9,10,0,0,0,10,0,15,0,0,-8,0,0,0,0,0,-1,0,0,0,0,0,0,0,0,0,-28,-30,-38,-30,-60,-61,-51,-26,-127,-115,-115,-77,-111,-86,-104,-97,-135,-133,-114,-112,-167,-168,-180,-164,-224,-217,-227,-227,-228,-221,-372,-360,-501,-326,-284,-137,-132,-137,-615,-589,-595,-579,-29980,-29981,-29990,-1217,-29991,-29992,-29993,-29994]} 1. e4 c5 2. Nf3 e6 3. d4 cxd4 4. Nxd4 Nc6 5. Nc3 Qc7 6. Qd3 {B47: Sicilian: Taimanov: 5 Nc3 Qc7 6 f4, 6 g3 and 6 Be2.} Nxd4 7. Qxd4 {Nb5 is the strong threat.} a6 8. Be3 {The position is equal.} b5 9. a4 {9.Be2 is the modern continuation.} b4 10. Na2 Rb8 11. Qa7 Qxa7 12. Bxa7 Ra8 13. Bd4 Bb7 {[#]} 14. Bd3 $146 ({Predecessor:} 14. f3 Nf6 15. Nc1 Rc8 16. Kd2 d5 17. e5 Nd7 18. Nb3 Bc5 19. Nxc5 Nxc5 20. a5 {1-0 (42) Sorensen,J (2406)-Jaksland,T (2214) Denmark 2019}) 14... Nf6 15. f3 d5 {[%cal Rd5e4]} 16. e5 Nd7 17. O-O Be7 18. f4 g6 19. a5 O-O 20. Rfe1 Rfc8 21. Re2 Bc6 22. Kf2 Rcb8 23. Nc1 Nc5 (23... Bb5 {is interesting.} 24. Nb3 Rb7 25. g4 Rc8 26. Kf3 Bc4) 24. Bxc5 Bxc5+ 25. Kf3 Bd4 26. Ra2 Bb5 27. Nb3 Ba7 28. Bxb5 Rxb5 29. g4 Rc8 30. h4 Rc4 31. Ra1 Rb8 32. Rd1 (32. Nc1 $11 {keeps the balance.}) 32... Rbc8 $17 33. Rdd2 Kg7 34. g5 h5 35. gxh6+ Kxh6 36. Nc1 b3 37. Nxb3 Rb4 38. Nc1 (38. Rg2 $17 {was called for.}) 38... Rxb2 $19 39. Nd3 Rb1 40. Rh2 (40. Re1 {keeps fighting.} Rxe1 41. Nxe1) 40... Rf1+ 41. Kg4 Rc4 42. Rde2 Re4 43. Rxe4 $2 {[#]} (43. Rhg2) 43... dxe4 {[%mdl 4096] Endgame KRB-KRN} 44. Nb4 Be3 45. Re2 Rxf4+ (45... Rf3 $19 {White must now prevent ...Bf2.} 46. Nd3 exd3 47. cxd3 Rxf4+ 48. Kg3 Bc1) 46. Kg3 $17 Rf3+ 47. Kg2 $2 {[%mdl 8192] [#] This move loses the game for White.} (47. Kg4 $17) 47... Kh5 $19 48. Nxa6 Kg4 49. Nc7 Rg3+ 50. Kh2 Bg1+ 51. Kh1 Kf3 52. Rh2 Be3 {[%csl Ge3][%cal Rg3g1] Weighted Error Value: White=0.41/Black=0.09} 0-1

[Event "Caplin British Online-ch Open 2020"]
[Site "Online"]
[Date "2020.12.28"]
[Round "5.7"]
[White "Lalic, Bogdan"]
[Black "Toma, Katarzyna"]
[Result "1-0"]
[WhiteElo "2402"]
[BlackElo "2289"]
[Annotator "TA"]
[PlyCount "81"]
[EventDate "2020.12.21"]
[EventType "swiss"]
[EventCountry "NET"]
[SourceTitle "playchess.com"]
[Source "ChessBase"]
[SourceQuality "1"]

{[%evp 10,81,10,0,87,81,88,91,75,85,101,101,113,109,118,112,110,100,147,156,152,137,145,122,161,143,164,131,147,135,177,177,173,108,176,167,160,171,168,164,170,168,170,170,166,166,170,172,169,171,173,175,158,158,159,149,148,151,206,212,237,189,330,337,400,390,417,416,534,508,603,593,613,571]} 1. Nf3 Nf6 2. c4 g6 3. Nc3 d5 4. cxd5 Nxd5 5. Qa4+ Nc6 6. Ne5 Nb6 {A16: English Opening: 1...Nf6 with ...d5.} (6... Qd6 $11 {remains equal.} 7. Nxc6 Qxc6) 7. Nxc6 $16 bxc6 8. Qxc6+ Bd7 {White is better.} 9. Qc5 Bg7 10. g3 O-O 11. Bg2 Rb8 12. O-O {[#]} Bg4 $146 ({Predecessor:} 12... Be6 13. d3 Qd7 14. Qc6 Qxc6 15. Bxc6 Nd7 16. Rd1 Rfd8 17. d4 Nb6 18. e3 Nc4 {1-0 (32) Rubinetti,J (2455)-Paz,V (2240) Mar del Plata 1994}) 13. d3 Bd4 14. Qa5 Qd7 15. Bh6 Rfd8 16. Rac1 (16. Qxa7 $6 Nc4 $16) 16... Nc8 17. Rc2 Nd6 18. Bc1 h5 19. Nd5 c5 20. b3 h4 21. Qc7 ({White should try} 21. Bg5 $18 {Threatens to win with e3.} f6 {[#]} 22. e3 $1 (22. Bxh4 Nf5 $18)) 21... hxg3 (21... Qxc7 $16 {keeps fighting.} 22. Nxc7 h3) 22. hxg3 $18 Qxc7 23. Nxc7 Rd7 24. Nd5 Nb5 25. e3 Bg7 26. Rxc5 Be2 27. Re1 Bxd3 28. Rd1 Bf5 29. e4 $36 {[%mdl 2048] Black is under strong pressure.} Bg4 30. f3 Be6 {...Bd4+ would now be nice for Black.} 31. Be3 Bxd5 32. Rcxd5 (32. exd5 $6 Nc3 $16) 32... Rxd5 33. Rxd5 Nc3 (33... e6 $16 34. Rd2 a5) 34. Ra5 (34. Bxa7 Ra8 $17) 34... Nd1 35. Bc5 Rc8 (35... Bc3 $142 36. Ra6 (36. Rxa7 Rb5 $16) (36. Bxa7 Ra8 $11) 36... e6) 36. b4 ({Don't play} 36. Bxa7 $6 Rc7 $18) ({Less strong is} 36. Bxe7 Bd4+ 37. Kh2 Bb6 $16) 36... Rd8 37. Rxa7 Nc3 38. Bf1 Rd2 39. Rxe7 {White is clearly winning.} Rxa2 40. Bc4 {[%mdl 64] [#] Double Attack} Ra1+ 41. Kg2 {Weighted Error Value: White=0.07/Black=0.31} 1-0

[Event "Caplin British Online-ch Open 2020"]
[Site "Online"]
[Date "2020.12.28"]
[Round "5.8"]
[White "Grieve, Harry"]
[Black "Villiers, Thomas"]
[Result "1-0"]
[WhiteElo "2351"]
[BlackElo "2161"]
[Annotator "TA"]
[PlyCount "73"]
[EventDate "2020.12.21"]
[EventType "swiss"]
[EventCountry "NET"]
[SourceTitle "playchess.com"]
[Source "ChessBase"]
[SourceQuality "1"]

{[%evp 10,73,29,26,57,24,92,85,95,97,93,97,87,74,129,117,135,119,123,107,141,75,72,0,0,17,0,0,0,-1,0,0,0,0,52,54,215,222,1008,998,1602,1531,1514,1493,1459,1417,29977,29978,29990,29983,29983,29983,29983,29984,29984,29985,29989,29990,29991,29992,29992,29990,29992,29991,29992,29993]} 1. d4 e6 2. Nf3 Be7 3. e4 d5 4. e5 c5 5. c3 Nc6 6. Bd3 Qb6 {[%cal Rc5d4] C02: French: Advance Variation.} 7. O-O Bd7 (7... cxd4 $11 {keeps the balance.} 8. cxd4 Bd7) 8. dxc5 $16 Bxc5 {White is better.} 9. b4 Bf8 10. Re1 Nge7 {[#]} 11. a4 $146 ({Predecessor:} 11. a3 Ng6 12. h4 Qc7 13. Qe2 Be7 14. h5 Nh4 15. Nxh4 Bxh4 16. g3 Be7 17. Bf4 {1-0 (50) Weigand,B (2285)-Haecker,J (2166) Wuerttemberg 2003}) 11... g6 ({Black should try} 11... Qc7) 12. a5 Qc7 13. a6 bxa6 14. Rxa6 Bg7 15. Bf4 (15. b5 $142 Nxe5 16. Nxe5 Bxe5 17. b6 Bxh2+ 18. Kh1) 15... O-O 16. Nbd2 ({White should play} 16. h4 $16) 16... d4 $1 $11 17. Nxd4 Nxd4 18. cxd4 Nd5 19. Bg5 Nxb4 20. Ra3 $36 {[%mdl 2048] White is pushing.} Nxd3 21. Rxd3 Rfc8 (21... h6 $11 22. Be7 Rfc8) 22. Ne4 $1 $14 Qc2 $2 {[#] Loses the game.} (22... Qa5 $14) 23. Qf3 $1 $18 {Black must now prevent Nf6+.} Bc6 $2 (23... Rab8 24. Nd6 {[%mdl 64] Double Attack} Rf8) 24. Nf6+ Kf8 25. Nxh7+ Ke8 26. Nf6+ {[%cal Bh7f6,Bf6e4,Be4d6][%mdl 32]} Kf8 27. Qh3 Rab8 {[#]} 28. Qh7 $1 {[%mdl 512] White mates.} Ba4 (28... Ke7 29. Qxg7) 29. Qg8+ Ke7 30. Ne4+ Kd7 31. Qxf7+ {[%mdl 64] Double Attack} Kc6 32. Rc3+ {[%mdl 64] Double Attack} Kd5 33. Rxc2 Bxc2 34. Qd7+ Kc4 35. Nd6+ Kd3 36. Nxc8 Rb1 37. Rxb1 {Weighted Error Value: White=0.10/Black=0.49} 1-0

[Event "Caplin British Online-ch Open 2020"]
[Site "Online"]
[Date "2020.12.28"]
[Round "5.9"]
[White "Blackburn, Jonathan L B"]
[Black "Toczek, Grzegorz"]
[Result "0-1"]
[WhiteElo "2235"]
[BlackElo "2271"]
[Annotator "TA"]
[PlyCount "62"]
[EventDate "2020.12.21"]
[EventType "swiss"]
[EventCountry "NET"]
[SourceTitle "playchess.com"]
[Source "ChessBase"]
[SourceQuality "1"]

{[%evp 21,61,36,35,8,100,104,168,166,155,155,203,208,243,160,259,268,255,214,221,225,291,216,289,282,271,276,259,257,450,388,533,-29964,-5818,-29993,-29994,-29994,-29995,-29995,-29996,-29997,-29998,-29999]} 1. d4 Nf6 2. c4 c5 3. d5 e6 4. Nc3 exd5 5. cxd5 d6 6. e4 g6 7. h3 Bg7 8. Nf3 O-O 9. Bd3 b5 10. Nxb5 Re8 11. O-O Nxe4 12. Qa4 {[#] A70: Modern Benoni: 6 e4 g6 7 Nf3.} c4 $146 (12... Bd7 $11 {remains equal.}) ({Predecessor:} 12... Bd7 13. Re1 Qb6 14. Rxe4 Rxe4 15. Qxe4 Bxb5 16. a4 Bd7 17. a5 Qd8 18. Bg5 f6 19. Bf4 Bf8 {1-0 (38) Jojua,D (2590)-Brankovic,D (2374) Ruma 2017}) 13. Qxc4 $16 Nc5 (13... Ba6 $16) 14. Bg5 $18 {White is clearly better.} f6 15. Be3 Nxd3 16. Qxd3 Ba6 17. Qb3 Rxe3 (17... Bxb5 $16 {was called for.} 18. Qxb5 Nd7) 18. fxe3 Nd7 {[%cal Bb8d7,Bd7c5,Bc5d3,Bd3f2][%mdl 32]} 19. Nfd4 ({Inferior is} 19. Nxd6 Nc5 $11) 19... Nc5 20. Qc4 Qe8 21. Rfe1 Qe4 22. b4 Bxb5 23. Qxb5 Nd3 {intending ...f5.} 24. Ne6 {[#] Qb7! is the strong threat.} ({Don't do} 24. Qb7 $6 Re8 $16) 24... Bh6 $2 (24... Nxe1 25. Rxe1 Bh6) 25. Qc6 Bxe3+ 26. Kh2 $4 {[%mdl 8192]} (26. Kh1 $18 Nf2+ 27. Kh2 Qe5+ 28. g3) 26... Qe5+ 27. g3 Qb2+ {[%mdl 64] [#] Double Attack. Black mates.} 28. Kh1 Nf2+ {[%mdl 64] Double Attack} 29. Kg2 Ng4+ 30. Kf3 Qf2+ 31. Ke4 Qf5# {Weighted Error Value: White=0.69/Black=0.43} 0-1

[Event "Caplin British Online-ch Open 2020"]
[Site "Online"]
[Date "2020.12.28"]
[Round "5.10"]
[White "Evans, Harry G"]
[Black "Goss, Alex"]
[Result "1-0"]
[WhiteElo "2055"]
[BlackElo "1833"]
[Annotator "TA"]
[PlyCount "77"]
[EventDate "2020.12.21"]
[EventType "swiss"]
[EventCountry "NET"]
[SourceTitle "playchess.com"]
[Source "ChessBase"]
[SourceQuality "1"]

{[%evp 9,77,-2,0,0,99,108,116,133,129,126,207,198,209,209,202,206,215,189,216,149,162,89,94,100,87,90,80,83,127,117,269,268,238,245,253,251,242,241,500,472,686,680,807,774,1101,1024,1248,1154,1118,700,1124,696,657,663,603,547,531,511,3239,2883,29989,29970,29979,29980,29983,29981,6520,4827,4827,4818]} 1. d4 Nf6 2. Bf4 d5 3. e3 c5 4. c3 Nc6 5. Nd2 Bf5 6. Ngf3 {D00: 1 d4 d5: Unusual lines.} h6 (6... Qb6 $11) 7. dxc5 $16 e6 {[#]} 8. b4 {[#] White is better.} Ne4 $146 ({Predecessor:} 8... a6 9. Nd4 Bg6 10. Qa4 Qc8 11. N2b3 Nd7 12. Nxc6 b5 13. Bxb5 Qb7 14. Be2 {1-0 (14) Juknis,P (2219)-Kraujunas,V (1765) Vilnius 2019}) 9. Nxe4 dxe4 (9... Bxe4 $16 {was called for.} 10. Nd4 a6) 10. Qxd8+ $18 Rxd8 11. Nd4 g5 {And now ...Nxd4 would win.} 12. Nxc6 bxc6 13. Be5 Rg8 14. Ba6 Rd5 15. Bd4 (15. Bg3 $18) 15... e5 $16 {[#]} 16. c4 $1 Rxd4 17. exd4 exd4 18. O-O-O Bg7 19. Rhe1 Bg6 $2 {Black cannot hold the game after this.} (19... Kd8 $16) 20. Bb7 $18 Kd7 {aiming for ...Rb8.} 21. b5 cxb5 22. cxb5 f5 {[#]} 23. g4 $1 Be5 $2 (23... Rf8 24. a4 Bh7) 24. gxf5 Bh5 (24... Bxf5 $142 25. Bxe4 Rf8 26. Bc6+ {[%mdl 64] Discovered Attack} Ke6 27. Rxd4 Kf6) 25. Rxe4 Bxd1 26. Rxe5 {[%mdl 4096] Endgame KRB-KRB} Bg4 27. f3 Bh3 28. f6 {Threatening mate with Re7+.} Rf8 29. Re7+ Kd8 30. Rg7 Rxf6 31. c6 Ke8 32. c7 Kf8 33. Rh7 Rb6 (33... Kg8 $142) 34. Bc6 {Bd7 would kill now.} a6 35. a4 {[%cal Ba2a4,Ba4b5][%mdl 32]} axb5 36. axb5 Kg8 37. Re7 Kf8 38. Re8+ Kf7 39. Rb8 {Weighted Error Value: White=0.24/Black=0.85} 1-0

[Event "Caplin British Online-ch Open 2020"]
[Site "Online"]
[Date "2020.12.28"]
[Round "5.11"]
[White "Arora, Tashika"]
[Black "Stubbs, Oliver"]
[Result "0-1"]
[WhiteElo "1744"]
[BlackElo "1905"]
[Annotator "TA"]
[PlyCount "94"]
[EventDate "2020.12.21"]
[EventType "swiss"]
[EventCountry "NET"]
[SourceTitle "playchess.com"]
[Source "ChessBase"]
[SourceQuality "1"]

{[%evp 13,93,32,37,33,43,35,50,51,40,43,40,35,75,54,90,27,108,37,95,103,104,104,89,33,34,10,56,0,0,0,-28,-104,-107,-91,-104,-111,-112,-172,-97,-202,-199,-190,-153,-552,-135,-552,-552,-600,-600,-896,-895,-863,-847,-989,-975,-975,-933,-29984,-29985,-29985,-29986,-29996,-29993,-29993,-29994,-29994,-29995,-29995,-29996,-29996,-29997,-29998,-29995,-29995,-29996,-29996,-29997,-29997,-29997,-29998,-29999,-29999]} 1. d4 Nf6 2. c4 g6 3. Nc3 Bg7 4. e4 d6 5. h3 O-O 6. Be3 e5 7. d5 Na6 8. g4 {E71: King's Indian: 4 e4 d6 5 h3.} Nc5 9. f3 a5 10. Qd2 {White is slightly better.} c6 11. Nge2 cxd5 12. cxd5 a4 13. Ng3 Qa5 {[#]} 14. g5 $146 (14. Nb5 $16) ({Predecessor:} 14. Nb5 Qd8 15. Rc1 b6 16. Be2 Ne8 17. h4 f5 18. gxf5 gxf5 19. exf5 Bxf5 20. Nc3 {½-½ (61) Sivuk,V (2546)-Shomoev,A (2559) Astana 2019}) 14... Nfd7 (14... Ne8 $1 $11 {remains equal.}) 15. h4 (15. Nb5 $16) 15... a3 (15... f5 $14) 16. b3 $16 f5 17. gxf6 $1 Nxf6 18. Rc1 ({White should try} 18. Nb5 $16 Qxd2+ 19. Bxd2) 18... Bd7 $14 19. Rb1 {[#] And now b4 would win.} Qb4 {aiming for ...Nh5.} 20. Nb5 Qxd2+ $11 21. Kxd2 Ne8 22. Nxd6 Nxd6 $17 23. Bxc5 Rxf3 {White must now prevent ...Bf8.} 24. Bxd6 {Hoping for Ne2.} Rxg3 25. Be2 (25. Be7 $17 {is a better defense.}) 25... Rc8 (25... Bh6+ $19 26. Kd1 Bf4) 26. Bb4 (26. Be7 $17 {was called for.}) 26... Bh6+ $19 27. Kd1 Bg4 28. Bxa3 $2 (28. Bxg4 $17 Rxg4 29. Re1) 28... Rd3+ $40 {[%mdl 128] White is in trouble.} (28... Bxe2+ $2 29. Kxe2 Rc2+ 30. Kd1 $19) 29. Ke1 {Loses the game.} Re3 {[%csl LRe2,LRe4]} 30. Rh2 Rc2 31. Rb2 Rc1+ 32. Kf2 {[#]} Bxe2 $1 33. Rd2 Rf1+ 34. Kg2 Bf4 {[%csl Gf4][%cal Re3g3]} 35. Rh3 Rxh3 {[%csl Gf4][%cal Rh3h2][%mdl 64] Discovered Attack. Black mates.} 36. Rxe2 Rff3 37. d6 Rfg3+ 38. Kf1 Rh1+ 39. Kf2 Rh2+ 40. Kf1 Rf3+ 41. Kg1 Rxe2 42. d7 Rd3 {[%cal Rd3d1]} 43. Kf1 Rxa2 {[%cal Rd3d1]} 44. Bb4 Rxd7 45. Bc3 Rd1+ 46. Be1 Bg3 {[%csl Gg3][%cal Rd1e1]} 47. h5 Rxe1# {Weighted Error Value: White=0.81/Black=0.16} 0-1

[Event "Caplin British Online-ch Open 2020"]
[Site "Online"]
[Date "2020.12.28"]
[Round "5.12"]
[White "Hebden, Mark L"]
[Black "Gurner, Jem"]
[Result "1-0"]
[WhiteElo "2453"]
[BlackElo "1800"]
[Annotator "TA"]
[PlyCount "67"]
[EventDate "2020.12.21"]
[EventType "swiss"]
[EventCountry "NET"]
[SourceTitle "playchess.com"]
[Source "ChessBase"]
[SourceQuality "1"]

{[%evp 10,67,48,35,47,31,30,23,77,63,89,66,174,167,255,149,143,144,135,120,133,89,125,68,285,274,279,283,267,281,264,274,302,304,347,329,554,530,722,730,1331,1248,1154,1140,1168,925,1135,1074,1072,872,844,837,1187,1144,1179,1153,1081,1019,1236,1181]} 1. d4 g6 2. e4 Bg7 3. Nf3 d6 4. Bc4 Nf6 5. Qe2 O-O 6. e5 Ne8 {B06: Modern Defence.} 7. c3 {[#]} d5 $146 ({Predecessor:} 7... Bg4 8. Nbd2 c5 9. h3 Bxf3 10. Nxf3 Nc6 11. O-O cxd4 12. cxd4 Nc7 13. Rd1 Qd7 14. Be3 {1-0 (62) Ju,W (2595)-Radovanovic,M (2500) Changsha 2019}) 8. Bd3 Bg4 (8... c5 $11 {keeps the balance.}) 9. Nbd2 $16 {[%cal Bb1d2,Bd2f3,Bf3e5][%mdl 32]} e6 10. h3 Bxf3 (10... Bf5 $14) 11. Nxf3 $18 Nd7 {[#]} (11... c5 $142 12. Bg5 (12. dxc5 Nd7 $16) 12... Qc7) 12. Bg5 (12. h4 $1 $18) 12... f6 $16 13. exf6 Nexf6 14. O-O Qe7 15. Ne5 c5 16. Rfe1 (16. Nxd7 $16 Qxd7 17. dxc5) 16... Rae8 {This move loses the game for Black.} (16... Qd6 $14) 17. Bb5 $18 {Black must now prevent Nxd7.} Qd6 18. Bxf6 Nxf6 19. Bxe8 Rxe8 20. Qb5 cxd4 21. cxd4 Qe7 22. Rac1 {[%cal Ba1c1,Bc1c7,Bc7g7][%mdl 32]} Ne4 $2 {[#]} (22... Rf8 {is a better defense.} 23. Qc5 Qxc5 24. Rxc5 Ne4) 23. Rc7 $3 {[%mdl 576] Double Attack. White is clearly winning.} Qd8 (23... Qf8 24. Rf7) 24. Qxb7 Bxe5 25. dxe5 {White threatens Rg7+ and mate.} Qh4 26. Qxa7 Rf8 27. Rg7+ Kh8 28. Rf7 {[%cal Rf7f8]} Rg8 29. Qe7 Qxe7 30. Rxe7 Rb8 31. Rc1 d4 32. Rd7 d3 33. Rxd3 Rxb2 34. Rd7 {[%cal Rc1c8] Weighted Error Value: White=0.18/Black=0.68} 1-0

[Event "Caplin British Online-ch Open 2020"]
[Site "Online"]
[Date "2020.12.28"]
[Round "5.13"]
[White "Shearsby, Jude"]
[Black "Wille, Thomas"]
[Result "0-1"]
[WhiteElo "1673"]
[BlackElo "2048"]
[Annotator "TA"]
[PlyCount "102"]
[EventDate "2020.12.21"]
[EventType "swiss"]
[EventCountry "NET"]
[SourceTitle "playchess.com"]
[Source "ChessBase"]
[SourceQuality "1"]

{[%evp 9,102,-13,-12,-8,-15,-18,0,-2,-10,-10,-5,-10,-22,-9,-14,-13,-14,-27,-4,0,0,-48,-38,-48,-48,-48,-48,-67,-72,-68,-68,-54,-54,-90,-79,-216,-146,-130,-113,-157,-154,-188,-202,-213,-212,-217,-216,-220,-129,-129,-130,-225,-180,-184,-164,-179,-97,-100,-95,-116,-117,-191,-191,-191,-186,-194,-187,-208,-208,-208,-206,-427,-425,-422,-414,-530,-516,-513,-407,-458,-451,-4922,-4918,-4918,-4918,-4910,-4910,-4910,-4910,-4782,-1941,-731,0,-1797,-1332]} 1. d4 d5 2. Bf4 c5 3. e3 Nc6 4. Nf3 Nf6 5. Nc3 Bg4 6. Be2 {D02: 1 d4 d5 2 Nf3 sidelines, including 2...Nf6 3 g3 and 2...Nf6 3 Bf4.} e6 7. O-O Be7 8. h3 {The position is equal.} Bh5 (8... Bxf3 {is interesting.} 9. Bxf3 cxd4 10. exd4 Bd6 11. Be3 O-O) 9. Ne5 Bxe2 10. Qxe2 cxd4 11. Nxc6 bxc6 12. exd4 O-O 13. Rad1 {[#]} Bd6 $146 ({Predecessor:} 13... c5 14. dxc5 Bxc5 15. Rfe1 Bd6 16. Be3 a6 17. Bd4 Qc7 18. b3 Rfc8 19. Na4 Nd7 20. c3 Re8 21. Be3 Nf6 22. c4 Bb4 {½-½ (22) Owens,J (1806)-Boda,A (2026) LSS email 2013}) 14. Bxd6 Qxd6 15. a3 c5 16. Nb5 Qb6 17. dxc5 Qxc5 18. b4 Qb6 19. c4 dxc4 20. Qxc4 Rac8 21. Qe2 Nd5 $36 {[%mdl 2048] And now ...a6 would win. White is under strong pressure.} 22. Qd3 (22. Rd2 $17) 22... a6 23. Nd4 Rc3 24. Qe4 Rxa3 {...Nc3 is the strong threat.} 25. Nc2 Rc3 26. Rd2 Rfc8 27. Re1 h6 28. Ne3 Nxe3 ({Much less strong is} 28... Qxb4 29. Rd4 $17) (28... Nxb4 $19 29. Red1 Rc1) 29. Rxe3 $17 R3c4 30. Qf3 (30. Qe5 $17 {only move.}) 30... Rc1+ 31. Kh2 Qxb4 32. Rd7 {[#]} Qb8+ (32... Rf8 $1 $19 33. Rb3 Qe1) 33. g3 Rf8 34. Rb3 Qe5 35. Re3 (35. Qe3 $17 {is a better defense.} Qxe3 36. Rxe3) 35... Qb5 $19 36. Red3 Qa5 37. Rd2 Rc7 38. Rd8 {Hoping for Rxf8+.} Rc8 39. R8d7 Rcd8 40. Qb7 $2 (40. Qe3 {might work better.}) 40... Qxd2 41. Rxd2 Rxd2 {[%mdl 4096] Endgame KQ-KRR} 42. Qb6 a5 {[%cal Ba6a5,Ba5a4,Ba4a3][%mdl 32]} 43. Kg2 Rd5 44. g4 Ra8 45. Qb7 (45. Qc6 $142 Rb8 46. Qa4) 45... Rdd8 46. Qb3 a4 47. Qa3 Rdb8 48. h4 Rb3 49. Qa2 Rb4 50. Qa3 Rb3 51. Qa2 {[#]} a3 $1 {[%mdl 512] Weighted Error Value: White=0.44/Black=0.11} 0-1